Las fundaciones
Salvato in:
| Autori principali: | , , |
|---|---|
| Natura: | Libro |
| Lingua: | spagnolo |
| Pubblicazione: |
Valparaíso
Valprint
1997
|
| Soggetti: | |
| Tags: |
Aggiungi Tag
Nessun Tag, puoi essere il primo ad aggiungerne!!
|
MARC
| LEADER | 00000nam a2200000 a 4500 | ||
|---|---|---|---|
| 001 | UCM6502 | ||
| 003 | CL-VaPUC | ||
| 008 | 021108e19970000CL |||||||||||||||||spa|d | ||
| 082 | 0 | 4 | |a 248.482 |b TER |2 21 |
| 100 | 0 | |a Santa Teresa de Jesús |e author |9 313710 | |
| 700 | 0 | |a Santa Teresa de Avila |e author |9 314693 | |
| 700 | 0 | |a Nattero Ferrero, Angela |e author |9 472431 | |
| 245 | 1 | 4 | |a Las fundaciones |
| 300 | |a 241 p | ||
| 942 | |c BK | ||
| 945 | |d 20021108 00:00:00 |a cmena | ||
| 260 | |a Valparaíso |b Valprint |c 1997 | ||
| 650 | 0 | |a Monasterios |9 266676 | |
| 650 | 0 | |a Vida cristiana |9 258753 | |
| 650 | 0 | |a Misticismo |9 265505 | |
| 650 | 0 | |a Literatura religiosa |9 266283 | |
| 650 | 0 | |a Virtud y vicio |9 310637 | |
| 650 | 7 | |a FORMACION RELIGIOSA |2 CL-VaPUC |9 399353 | |
| 583 | |a last modification |c 20021108 00:00:00 |k Rodrigo Vera | ||
| 999 | |c 301895 |d 301893 | ||
| 952 | |0 0 |1 0 |4 0 |6 248_482000000000000_TER_1997 |7 0 |8 P |9 361654 |a BIBARQ |b BIBARQ |d 2019-11-21 |i 3858839 |o 248.482 TER 1997 |p 3858839 |r 2025-01-20 |w 2019-11-21 |y BK |k ARQ | ||